[Event "Neumarkt am Wallersee op 10th"]
[Site "Neumarkt am Wallersee"]
[Date "2011.08.27"]
[Round "8"]
[White "Moesl, Felix"]
[Black "Fischer, Arthur"]
[Result "1-0"]
[WhiteElo "1928"]
[BlackElo "1995"]
[PlyCount "89"]
[EventDate "2011.08.20"]
[EventType "swiss"]
[EventRounds "9"]
[EventCountry "AUT"]
[SourceTitle "CBM 144 Extra"]
[Source "ChessBase"]
[SourceDate "2011.10.28"]
[SourceVersion "1"]
[SourceVersionDate "2011.10.28"]
[SourceQuality "1"]

1. Nf3 Nf6 2. g3 c5 3. Bg2 Nc6 4. 0-0 e6 5. d3 Be7 6. e4 0-0 7. Nbd2 Qc7 8. Re1 d6 9. b3 e5 10. Bb2 Be6 11. Ng5 Bg4 12. Ngf3 Qd7 13. Nc4 Nd4 14. Ne3 Be6 15. c3 Nxf3+ 16. Bxf3 Rac8 17. c4 a6 18. a4 Rb8 19. Bc3 b5 20. a5 Rb7 21. Qc2 Rfb8 22. Reb1 g6 23. Bg2 Ng4 24. Nd5 Bxd5 25. cxd5 Nh6 26. Qe2 f6 27. Bd2 Nf7 28. h4 Kg7 29. Rc1 b4 30. d4 Qb5 31. Qxb5 Rxb5 32. Bf1 R5b7 33. dxc5 dxc5 34. Bxa6 Ra7 35. Bc4 Nd6 36. Bd3 f5 37. f3 fxe4 38. fxe4 Nb5 39. Be3 Bd6 40. Bxc5 Bxc5+ 41. Rxc5 Nd4 42. Bc4 Rf7 43. Rf1 Rbf8 44. Rxf7+ Rxf7 45. d6 1-0

[Event "Neumarkt am Wallersee op 09th"]
[Site "Neumarkt am Wallersee"]
[Date "2010.08.23"]
[Round "3"]
[White "Fischer, Arthur"]
[Black "Leitner, Mathias"]
[Result "1/2-1/2"]
[WhiteElo "2020"]
[BlackElo "1823"]
[PlyCount "62"]
[EventDate "2010.08.21"]
[EventType "swiss"]
[EventRounds "9"]
[EventCountry "AUT"]
[SourceTitle "CBM 138 Extra"]
[Source "ChessBase"]
[SourceDate "2010.10.29"]
[SourceVersion "1"]
[SourceVersionDate "2010.10.29"]
[SourceQuality "1"]

1. e4 e6 2. d4 d5 3. Nc3 dxe4 4. Nxe4 Nd7 5. Nf3 Ngf6 6. Nxf6+ Nxf6 7. Bd3 c5 8. dxc5 Qa5+ 9. c3 Qxc5 10. 0-0 Be7 11. Be3 Qc7 12. Bd4 0-0 13. Qe2 a6 14. Rad1 b5 15. Bxf6 gxf6 16. Qe4 f5 17. Qxa8 Bb7 18. Qxf8+ Bxf8 19. Be2 Bd6 20. h3 Kg7 21. Nd4 Be5 22. Bf3 Bxd4 23. Bxb7 Bxf2+ 24. Rxf2 Qxb7 25. Rfd2 Qb6+ 26. Kh1 f4 27. Re1 Qc5 28. Rde2 Qd5 29. Re4 Qd2 30. R1e2 Qd1+ 31. Re1 Qd2 1/2-1/2

[Event "Bad Frankenhausen op 2nd"]
[Site "Bad Frankenhausen"]
[Date "2008.07.05"]
[Round "1"]
[White "Mueller, Michael"]
[Black "Fischer, Arthur"]
[Result "1-0"]
[WhiteElo "2271"]
[BlackElo "2013"]
[PlyCount "219"]
[EventDate "2008.07.05"]
[EventType "swiss"]
[EventRounds "7"]
[EventCountry "GER"]
[SourceTitle "EXT 2009"]
[Source "ChessBase"]
[SourceDate "2008.11.26"]
[SourceVersion "1"]
[SourceVersionDate "2008.11.26"]
[SourceQuality "1"]

1. d4 d5 2. Nf3 Nf6 3. Bf4 e6 4. e3 Be7 5. Bd3 Nbd7 6. h3 c5 7. c3 b6 8. Nbd2 Bb7 9. 0-0 Ne4 10. Rc1 0-0 11. Qe2 Ndf6 12. Rfd1 Nxd2 13. Rxd2 Ne4 14. Rdd1 cxd4 15. Nxd4 Nc5 16. Bc2 Bf6 17. Bg3 Qe7 18. b4 Ne4 19. Bh2 Rac8 20. Qe1 Nd6 21. Bd3 Nc4 22. Qe2 g6 23. Nb5 Be5 24. f4 Bb8 25. e4 a6 26. Nd4 b5 27. Bg3 dxe4 28. Bxe4 Rfd8 29. Qf3 Bxe4 30. Qxe4 Ba7 31. Bf2 Nd6 32. Qf3 Qc7 33. Kh2 Nf5 34. Nxf5 exf5 35. Rxd8+ Rxd8 36. Bxa7 Qxa7 37. c4 bxc4 38. Rxc4 Re8 39. Qc3 h5 40. Rc8 Rxc8 41. Qxc8+ Kg7 42. Qc3+ Kg8 43. Qc4 Qf2 44. a4 h4 45. b5 Qg3+ 46. Kg1 axb5 47. axb5 Qe1+ 48. Qf1 Qb4 49. Qd3 Kg7 50. Kh1 Qe1+ 51. Kh2 Qb4 52. Qf1 Kg8 53. Kh1 Kg7 54. Qa1+ Kg8 55. Qe5 Kh7 56. Kh2 Qb3 57. Qe1 Qxb5 58. Qxh4+ Kg7 59. Qg3 Qe2 60. Qc3+ Kg8 61. Qd4 Qf1 62. Qe3 Kg7 63. g4 fxg4 64. hxg4 Qd1 65. Kg3 Kg8 66. f5 Qd6+ 67. Kh3 gxf5 68. gxf5 Qf6 69. Qf4 Kf8 70. Kg4 Qg7+ 71. Kh5 Ke7 72. Qc7+ Ke8 73. Qd6 Qg2 74. Qe5+ Kf8 75. f6 Qh3+ 76. Kg5 Qg2+ 77. Kh4 Qh1+ 78. Kg3 Qg1+ 79. Kf3 Qf1+ 80. Kg4 Qg2+ 81. Kf5 Qh3+ 82. Ke4 Qg2+ 83. Kd3 Qf1+ 84. Kc2 Qc4+ 85. Kd2 Qa2+ 86. Ke3 Qb3+ 87. Kf4 Qc4+ 88. Kg5 Qc1+ 89. Kf5 Qc2+ 90. Kg4 Qg2+ 91. Kh4 Qh1+ 92. Kg3 Qg1+ 93. Kf3 Qh1+ 94. Ke2 Qg2+ 95. Ke1 Qg1+ 96. Kd2 Qg2+ 97. Kc3 Qc6+ 98. Kd4 Qa4+ 99. Ke3 Qb3+ 100. Kd2 Qa2+ 101. Ke3 Qb3+ 102. Kf2 Qc2+ 103. Ke3 Qb3+ 104. Ke4 Qc2+ 105. Kd5 Qb3+ 106. Kc5 Qc2+ 107. Kd6 Qd3+ 108. Qd5 Qa6+ 109. Qc6 Qd3+ 110. Kc7 1-0

[Event "Frankfurt-ch"]
[Site "Frankfurt"]
[Date "2008.06.02"]
[Round "5"]
[White "Fischer, Arthur"]
[Black "Kannenberg, Carl Friedrich"]
[Result "1-0"]
[WhiteElo "2013"]
[BlackElo "1959"]
[PlyCount "138"]
[EventDate "2008.04.28"]
[EventType "swiss"]
[EventRounds "7"]
[EventCountry "GER"]
[SourceTitle "EXT 2009"]
[Source "ChessBase"]
[SourceDate "2008.11.26"]
[SourceVersion "1"]
[SourceVersionDate "2008.11.26"]
[SourceQuality "1"]

1. e4 e5 2. Nf3 Nc6 3. Bb5 a6 4. Ba4 Nf6 5. Qe2 b5 6. Bb3 Be7 7. 0-0 0-0 8. c3 d6 9. h3 Na5 10. Bc2 c5 11. d3 Be6 12. Re1 Qc7 13. Nbd2 Nc6 14. Nf1 b4 15. Ng3 bxc3 16. bxc3 Rfb8 17. Ng5 Bd7 18. Bb3 Be8 19. Nf5 Bf8 20. Bd2 a5 21. Rab1 Rb7 22. Ne3 Rab8 23. Nd5 Qd8 24. Nf3 a4 25. Bc2 Rxb1 26. Rxb1 Rxb1+ 27. Bxb1 Nxd5 28. exd5 Ne7 29. d4 cxd4 30. cxd4 Qb6 31. Qd3 e4 32. Qxe4 f5 33. Qd3 Qb7 34. a3 Qb3 35. Bb4 Qxd5 36. Qe2 Bf7 37. Ng5 Qxd4 38. Nxf7 Kxf7 39. Qh5+ Kg8 40. Ba2+ Kh8 41. Qf7 Qa1+ 42. Kh2 Qe5+ 43. g3 Qf6 44. Qxf6 gxf6 45. Bxd6 Ng6 46. Bxf8 Nxf8 47. Bb1 f4 48. Bc2 fxg3+ 49. fxg3 Nd7 50. Bxa4 Nc5 51. Bc6 Nb3 52. Kg2 Kg7 53. Bd5 Na5 54. Kf3 Kf8 55. Ke3 Ke7 56. Kd4 Kd6 57. g4 h6 58. h4 Kd7 59. Kc5 Kc7 60. h5 Kd7 61. Kb5 Kd6 62. Kxa5 Kxd5 63. Kb6 Ke4 64. a4 Kf4 65. a5 Kxg4 66. a6 Kxh5 67. a7 f5 68. a8Q f4 69. Kc5 Kg4 1-0

[Event "Frankfurt-ch"]
[Site "Frankfurt"]
[Date "2008.05.05"]
[Round "2"]
[White "Richter, Tobias"]
[Black "Fischer, Arthur"]
[Result "1-0"]
[WhiteElo "2099"]
[BlackElo "2013"]
[PlyCount "67"]
[EventDate "2008.04.28"]
[EventType "swiss"]
[EventRounds "7"]
[EventCountry "GER"]
[SourceTitle "EXT 2009"]
[Source "ChessBase"]
[SourceDate "2008.11.26"]
[SourceVersion "1"]
[SourceVersionDate "2008.11.26"]
[SourceQuality "1"]

1. e4 e6 2. d4 d5 3. e5 c5 4. c3 Nc6 5. Nf3 Qb6 6. a3 Nh6 7. b4 cxd4 8. cxd4 Nf5 9. Be3 f6 10. Bd3 Nxe3 11. fxe3 fxe5 12. Ng5 e4 13. 0-0 Be7 14. Bc2 Bd7 15. Ba4 0-0-0 16. Bxc6 Bxg5 17. Bxd7+ Rxd7 18. Qe1 Rc7 19. Nc3 Qa6 20. Qg3 Bf6 21. Rac1 Rc4 22. Ne2 b5 23. Nf4 Qd6 24. Qh3 Kd7 25. Ng6 Rhc8 26. Rxc4 Rxc4 27. Qxh7 Kc6 28. Qg8 Kb6 29. Nf4 Bg5 30. Qxg7 Bxf4 31. exf4 e3 32. g3 Qc6 33. Qe5 Rc3 34. Re1 1-0

[Event "Hessen-ch Gr-C 62nd"]
[Site "Hanau"]
[Date "2008.03.22"]
[Round "6"]
[White "Fischer, Arthur"]
[Black "Geringer, Waldemar"]
[Result "0-1"]
[WhiteElo "2013"]
[BlackElo "1891"]
[PlyCount "40"]
[EventDate "2008.03.19"]
[EventType "swiss"]
[EventRounds "7"]
[EventCountry "GER"]
[SourceTitle "CBM 123 Extra"]
[Source "ChessBase"]
[SourceDate "2008.05.06"]
[SourceVersion "1"]
[SourceVersionDate "2008.05.06"]
[SourceQuality "1"]

1. e4 c5 2. c3 d5 3. exd5 Qxd5 4. Nf3 Nf6 5. d4 Bg4 6. Be2 e6 7. 0-0 Nc6 8. h3 Bh5 9. Be3 cxd4 10. cxd4 Be7 11. Nc3 Qd6 12. Qd2 0-0 13. Rfd1 Nb4 14. Bf4 Qd8 15. Rac1 a6 16. Ne5 Bxe2 17. Qxe2 Nbd5 18. Nxd5 Nxd5 19. Qe4 Nxf4 20. Qxf4 Bg5 0-1

[Event "Hessen-ch Gr-C 62nd"]
[Site "Hanau"]
[Date "2008.03.19"]
[Round "1"]
[White "Haftmann, Rainer"]
[Black "Fischer, Arthur"]
[Result "1/2-1/2"]
[WhiteElo "1859"]
[BlackElo "2013"]
[PlyCount "118"]
[EventDate "2008.03.19"]
[EventType "swiss"]
[EventRounds "7"]
[EventCountry "GER"]
[SourceTitle "CBM 123 Extra"]
[Source "ChessBase"]
[SourceDate "2008.05.06"]
[SourceVersion "1"]
[SourceVersionDate "2008.05.06"]
[SourceQuality "1"]

1. e4 e6 2. d4 d5 3. Nd2 c5 4. exd5 exd5 5. Ngf3 Nc6 6. Bb5 Bd6 7. 0-0 Nge7 8. dxc5 Bxc5 9. Nb3 Bd6 10. h3 0-0 11. Be3 Bc7 12. Re1 a6 13. Bd3 Ng6 14. Bc5 Bd6 15. Bxd6 Qxd6 16. c3 Nf4 17. Bf1 Qg6 18. Kh2 Qd6 19. g3 Ng6 20. Qd2 Be6 21. Re3 Rad8 22. Nbd4 Nxd4 23. Qxd4 Ne7 24. Bd3 Nf5 25. Bxf5 Bxf5 26. Rae1 h6 27. Qe5 Qd7 28. g4 Be6 29. Nd4 Rde8 30. Qg3 Qc8 31. f4 Bd7 32. Qf3 Rxe3 33. Rxe3 Bc6 34. Qe2 Qb8 35. Qf2 Re8 36. Rxe8+ Qxe8 37. Qe2 Qb8 38. Qe5 Qxe5 39. fxe5 Kf8 40. Kg3 g6 41. h4 Ke7 42. g5 hxg5 43. hxg5 Bd7 44. Kf4 b6 45. Nc2 a5 46. b4 Ba4 47. Nd4 Bd7 48. a3 axb4 49. cxb4 Be8 50. Ke3 b5 51. Kf4 Bd7 52. Nb3 Bc6 53. Nc5 Bd7 54. Ke3 Bc6 55. Kd4 Ba8 56. Kc3 Bc6 57. Kd4 Ba8 58. Na6 Kd7 59. Nc5+ Ke7 1/2-1/2

[Event "Frankfurt-ch"]
[Site "Frankfurt"]
[Date "2007.04.30"]
[Round "1"]
[White "Fischer, Arthur"]
[Black "Stulken, Dietmar"]
[Result "1-0"]
[WhiteElo "2074"]
[BlackElo "1339"]
[PlyCount "89"]
[EventDate "2007.04.30"]
[EventType "swiss"]
[EventRounds "7"]
[EventCountry "GER"]
[SourceTitle "EXT 2008"]
[Source "ChessBase"]
[SourceDate "2007.11.25"]
[SourceVersion "1"]
[SourceVersionDate "2007.11.25"]
[SourceQuality "1"]

1. e4 c5 2. c3 d5 3. exd5 Qxd5 4. d4 Nf6 5. Nf3 Bg4 6. Be2 e6 7. 0-0 Be7 8. h3 Bh5 9. c4 Qd8 10. Qb3 b6 11. Rd1 Qc7 12. d5 Qd6 13. Nc3 a6 14. Bg5 Nbd7 15. Bh4 0-0 16. Re1 Rfe8 17. Bg3 e5 18. Nxe5 Nxe5 19. Bxh5 Nxh5 20. Bxe5 Qd8 21. Rad1 Bd6 22. Bxd6 Qxd6 23. Qa4 Nf6 24. Qc2 Rad8 25. Ne4 Nxe4 26. Rxe4 Rxe4 27. Qxe4 g6 28. Re1 Kf8 29. h4 Rd7 30. h5 Re7 31. Qxe7+ Qxe7 32. Rxe7 Kxe7 33. hxg6 hxg6 34. f3 Kf6 35. Kf2 Ke5 36. Ke3 f5 37. f4+ Kd6 38. Kf3 b5 39. b3 b4 40. Kg3 Ke7 41. Kh4 Kf6 42. g3 a5 43. g4 fxg4 44. Kxg4 Kf7 45. Kg5 1-0

[Event "Hessen-ch qual-C"]
[Site "Erlensee"]
[Date "2007.04.04"]
[Round "1"]
[White "Fischer, Arthur"]
[Black "Storck, Eike Werner"]
[Result "1/2-1/2"]
[WhiteElo "2074"]
[BlackElo "1895"]
[PlyCount "59"]
[EventDate "2007.04.04"]
[EventType "swiss"]
[EventRounds "7"]
[EventCountry "GER"]
[SourceTitle "CBM 117 Extra"]
[Source "ChessBase"]
[SourceDate "2007.05.09"]
[SourceVersion "1"]
[SourceVersionDate "2007.05.09"]
[SourceQuality "1"]

1. e4 e6 2. d4 d5 3. exd5 exd5 4. Bd3 Nc6 5. Ne2 Bd6 6. 0-0 Qh4 7. g3 Qh3 8. Re1 Nge7 9. Nf4 Bxf4 10. Bxf4 Bg4 11. Be2 Bxe2 12. Qxe2 0-0-0 13. c3 Ng6 14. Qd2 h5 15. Na3 h4 16. Re2 Qf5 17. Rae1 Nxf4 18. Qxf4 Qxf4 19. gxf4 Rd6 20. Re8+ Rxe8 21. Rxe8+ Kd7 22. Rh8 Rg6+ 23. Kf1 Rg4 24. Rh5 Ne7 25. Rg5 Rxg5 26. fxg5 Ke6 27. Kg2 Kf5 28. Nb5 c6 29. Nd6+ Kxg5 30. Nxf7+ 1/2-1/2

[Event "Frankfurt-ch"]
[Site "Frankfurt"]
[Date "2005.06.06"]
[Round "6"]
[White "Fischer, Arthur"]
[Black "Reuter, Klaus"]
[Result "1-0"]
[WhiteElo "1875"]
[BlackElo "1443"]
[PlyCount "33"]
[EventDate "2005.04.25"]
[EventType "swiss"]
[EventRounds "7"]
[EventCountry "GER"]
[SourceTitle "EXT 2006"]
[Source "ChessBase"]
[SourceDate "2005.11.24"]
[SourceVersion "1"]
[SourceVersionDate "2005.11.24"]
[SourceQuality "1"]

1. e4 c5 2. c3 Nc6 3. d4 cxd4 4. cxd4 e6 5. d5 exd5 6. exd5 Bb4+ 7. Nc3 Qe7+ 8. Be3 Ne5 9. Nf3 Bxc3+ 10. bxc3 Nxf3+ 11. Qxf3 Nf6 12. Bd3 d6 13. 0-0 0-0 14. Bd4 Bg4 15. Bxf6 Bxf3 16. Bxe7 Bxd5 17. Bxf8 1-0

[Event "Frankfurt-ch"]
[Site "Frankfurt"]
[Date "2005.05.02"]
[Round "2"]
[White "Fischer, Arthur"]
[Black "Wendel, Stefan"]
[Result "0-1"]
[WhiteElo "1875"]
[BlackElo "2153"]
[PlyCount "64"]
[EventDate "2005.04.25"]
[EventType "swiss"]
[EventRounds "7"]
[EventCountry "GER"]
[SourceTitle "EXT 2006"]
[Source "ChessBase"]
[SourceDate "2005.11.24"]
[SourceVersion "1"]
[SourceVersionDate "2005.11.24"]
[SourceQuality "1"]

1. e4 c5 2. c3 Nf6 3. e5 Nd5 4. d4 cxd4 5. Nf3 e6 6. cxd4 d6 7. Bd3 Nb4 8. 0-0 Nxd3 9. Qxd3 dxe5 10. Nxe5 Be7 11. Nc3 0-0 12. Be3 Nd7 13. Qe2 Nf6 14. Rfd1 Nd5 15. Rac1 Bd7 16. Nxd5 exd5 17. Nxd7 Qxd7 18. Rc2 Bd6 19. a3 Rfe8 20. g3 g6 21. Kg2 Re4 22. f3 Re6 23. Qf2 h5 24. Re1 Qa4 25. Rec1 Kg7 26. Qd2 Rae8 27. Bh6+ Kh7 28. Bf4 Qb5 29. Kf2 Bxf4 30. Qxf4 Kg7 31. Rc7 Re2+ 32. Kg1 Re1+ 0-1

[Event "Hoeckendorf op"]
[Site "Hoeckendorf"]
[Date "2004.02.02"]
[Round "4"]
[White "Fischer, Arthur"]
[Black "Porschberg, Thomas"]
[Result "0-1"]
[WhiteElo "2108"]
[BlackElo "1989"]
[PlyCount "70"]
[EventDate "2004.01.30"]
[EventType "swiss"]
[EventRounds "9"]
[EventCountry "GER"]
[SourceTitle "EXT 2008"]
[Source "ChessBase"]
[SourceDate "2007.11.25"]
[SourceVersion "1"]
[SourceVersionDate "2007.11.25"]
[SourceQuality "1"]

1. e4 c5 2. c3 Nf6 3. e5 Nd5 4. d4 cxd4 5. Qxd4 e6 6. Bc4 Nc6 7. Qe4 f5 8. exf6 Nxf6 9. Qe2 Qc7 10. Nf3 Bd6 11. 0-0 0-0 12. h3 a6 13. Bb3 b5 14. Bg5 Na5 15. Bc2 Nc4 16. Bxf6 gxf6 17. Qe4 f5 18. Qh4 Rf7 19. b3 Ne5 20. Nbd2 Bb7 21. Rad1 Nxf3+ 22. Nxf3 Bxf3 23. gxf3 Be7 24. Qd4 Bf6 25. Qe3 Qxc3 26. Qxc3 Bxc3 27. Rd6 Rg7+ 28. Kh1 Bb4 29. Rb6 Kf8 30. Rb7 Rc8 31. Bd1 Bc5 32. Rg1 Rxg1+ 33. Kxg1 Ke8 34. Kf1 Kd8 35. Ke2 Ra8 0-1

[Event "Hoeckendorf op"]
[Site "Hoeckendorf"]
[Date "2004.01.31"]
[Round "2"]
[White "Helbig, Christoph"]
[Black "Fischer, Arthur"]
[Result "0-1"]
[WhiteElo "1878"]
[BlackElo "2108"]
[PlyCount "30"]
[EventDate "2004.01.30"]
[EventType "swiss"]
[EventRounds "9"]
[EventCountry "GER"]
[SourceTitle "EXT 2008"]
[Source "ChessBase"]
[SourceDate "2007.11.25"]
[SourceVersion "1"]
[SourceVersionDate "2007.11.25"]
[SourceQuality "1"]

1. e4 e6 2. d4 d5 3. e5 c5 4. c3 Nc6 5. Nf3 Qb6 6. Bd3 cxd4 7. cxd4 Bd7 8. 0-0 Nxd4 9. Nxd4 Qxd4 10. Nc3 a6 11. Qe2 Ne7 12. Kh1 Nc6 13. f4 Bc5 14. a3 Ba7 15. Rf3 Qg1# 0-1